| 000 | 01150nam a22002537a 4500 | ||
|---|---|---|---|
| 001 | BD-DhSAU 9380 | ||
| 003 | BD-DhSAU | ||
| 005 | 20181211155118.0 | ||
| 008 | 150612b2006 bg a||||r|||| 000 0 eng d | ||
| 040 | _aBD-DhSAU | ||
| 082 |
_222 _a630.715 _bSa334 |
||
| 100 |
_aSalim, Mohammad Abu Sayed _eRegistration No. # 25180/00311 |
||
| 245 |
_aJob performance of sub assistant agriculture officers / _bMS thesis _cby Mohammad Abu Sayed Salim. |
||
| 260 |
_aSher-e- Bangla Agricultural University : _bDepartment of Agricultural Extension and Information System, _c2006. |
||
| 300 |
_ax, 104 p. : _bill. , _c30 cm. |
||
| 500 | _aMS thesis of Department of Agricultural Extension and Information System, Faculty of Agriculture, Sher-e-Bangla Agricultural University, Dhaka, Bangladesh | ||
| 590 | _ajoy | ||
| 650 | _aAgricultural Extension and Information System | ||
| 650 |
_aJob performance _xSub assistant agriculture officer |
||
| 700 |
_aBhuiyan, Mohammad Hossain _eSupervisor |
||
| 700 |
_aAli, Md. Sekender _eCo-Supervisor |
||
| 856 |
_yOnline Access _uhttp://archive.saulibrary.edu.bd:8080/xmlui/handle/123456789/1550 |
||
| 942 |
_2ddc _cTHESIS |
||
| 999 |
_c9380 _d9380 |
||